书目信息 |
| 题名: |
现代信号处理导论
|
|
| 作者: | 陆传赉 编著 | |
| 分册: | ||
| 出版信息: | 北京 北京邮电大学出版社 2003.02 |
|
| 页数: | 339页 | |
| 开本: | 20cm | |
| 丛书名: | ||
| 单 册: | ||
| 中图分类: | TN911.7-43 | |
| 科图分类: | ||
| 主题词: | 通信理论 | |
| 电子资源: | ||
| ISBN: | 7-5635-0588-1 | |
| 000 | 00575nam0 2200193 45 | |
| 001 | 0336210305 | |
| 005 | 2003031210033023 | |
| 010 | @a7-5635-0588-1@dCNY 18.00 | |
| 100 | @a20030312d2003 km y0chiy0120 ea | |
| 101 | 0 | @achi |
| 200 | 1 | @a现代信号处理导论@Axian dai xin hao chu li dao lun@f陆传赉编著@FLu Chuan Lai Bian Zhu |
| 210 | @a北京@c北京邮电大学出版社@d2003.02 | |
| 215 | @a339页@d20cm | |
| 300 | @a21世纪信息通信系列教材 | |
| 606 | 0 | @a通信理论 |
| 690 | @aTN911.7-43@v3 | |
| 701 | 0 | @a陆传赉@ALu Chuan Lai@4编著 |
| 801 | 0 | @aCN@bPFT@c20030312 |
| 905 | @dTN911.7-43@eL833 | |
| 现代信号处理导论/陆传赉编著.-北京:北京邮电大学出版社,2003.02 |
| 339页;20cm |
| 21世纪信息通信系列教材 |
| ISBN 7-5635-0588-1:CNY 18.00 |
| ● |
| 相关链接 |
|
|
|
正题名:现代信号处理导论
索取号:TN911.7-43/L833
 
预约/预借
| 序号 | 登录号 | 条形码 | 馆藏地/架位号 | 状态 | 备注 |
| 1 | 371939 | 203719397 | 自科库301/301自科库 35排2列4层/ [索取号:TN911.7-43/L833] | 在馆 | |
| 2 | 371940 | 203719404 | 自科库301/301自科库 35排2列4层/ [索取号:TN911.7-43/L833] | 在馆 |